00477nam a22001337a 4500008004100000082001700041100000800058245010900066260003500175300000900210942001200219999001500231952009700246230612b xxu||||| |||| 00| 0 eng d a354.676bGOK cGOK aReport of the Auditor-General on the Financial Statements for National Government For the Year 2012/2013 aNairobi, KenyabGOKcJune 2013 a589p 2ddccBK c1081d1081 00102ddc4070a001b001d2023-06-12l0o354.676 GOKp100001529r2023-06-12w2023-06-12yBK